| 000 | 00319cam a2200121ua 4500 | ||
|---|---|---|---|
| 082 |
_a635.01 _bVIS/VEE |
||
| 100 |
_aVishnu Swarup, . _91714 |
||
| 245 | _aVeettinakathoru Poonthottam / | ||
| 250 | _a1 / | ||
| 260 |
_aThiruvananthapuram : _bState Instititute of Languages , _c1975. |
||
| 300 | _a108 ; . | ||
| 942 | _cBK | ||
| 999 |
_c6242 _d6242 |
||